| 000 | 00391 a2200133 4500 | ||
|---|---|---|---|
| 040 |
_aDLC _bDLC |
||
| 082 | _a297 | ||
| 100 | _a Al-Ajurri, Al-Husayan | ||
| 245 |
_a The character of the bearers and people of the Quran _cAl-Husayan Al-Ajurri & Imam Abu Bakr Muhammad |
||
| 260 |
_aLondon: _bAl-Quran Society, _c2002. |
||
| 300 |
_a80 p. ; _c24 cm. |
||
| 650 | _aIslam | ||
| 942 |
_cBK _k297 AJU _2ddc |
||
| 999 |
_c8473 _d8473 |
||